[Event "SVK-ch U10 Girls"]
[Site "Liptovsky Mikulas"]
[Date "2007.04.27"]
[Round "7"]
[White "Ipothova, Viktoria"]
[Black "Ballova, Henrieta"]
[Result "0-1"]
[WhiteElo "1350"]
[BlackElo "1350"]
[PlyCount "48"]
[EventDate "2007.04.22"]
[EventType "swiss"]
[EventRounds "7"]
[EventCountry "SVK"]
[SourceTitle "EXT 2008"]
[Source "ChessBase"]
[SourceDate "2007.11.25"]
[SourceVersion "1"]
[SourceVersionDate "2007.11.25"]
[SourceQuality "1"]

1. e4 e5 2. Nf3 Nc6 3. Bc4 Nf6 4. Nc3 Nxe4 5. Nxe4 d5 6. Bb5 dxe4 7. d3 exf3 8. Qxf3 a6 9. Bc4 Qe7 10. Bg5 f6 11. Bh4 Nd4 12. Qh5+ g6 13. Qd1 Be6 14. c3 Bxc4 15. dxc4 0-0-0 16. 0-0 Nf5 17. Qb3 Nxh4 18. a3 Qe6 19. g3 Qg4 20. f3 Qh3 21. gxh4 Rd2 22. Rf2 Bc5 23. Kh1 Rxf2 24. Rg1 Qxh2# 0-1